Campeões da Copa Paulista - Statistics

Estatísticas Gerais
  • Esse quiz foi jogado 44 vezes
  • A pontuação média é 16 de 32
Estatísticas das Respostas
Edição Campeão % Correto
2020 Portuguesa
90%
2004 Santos
77%
2019 São Caetano
77%
1962 Corinthians
73%
2003 Santo André
70%
2014 Santo André
70%
2013 São Bernardo
70%
2021 São Bernardo
70%
2016 XV de Piracicaba
70%
2022 XV de Piracicaba
70%
2025 XV de Piracicaba
70%
1999 Etti Jundiaí (Paulista)
60%
2010 Paulista
60%
2011 Paulista
60%
2007 Juventus
53%
2023 Portuguesa Santista
53%
1981 Oeste
50%
2015 Linense
47%
2006 Ferroviária
43%
2017 Ferroviária
43%
2005 Noroeste
40%
2012 Noroeste
40%
1985 São Bento
40%
2002 São Bento
40%
2024 Monte Azul
37%
2018 Votuporanguense
37%
1987 América
30%
2009 Votoraty
23%
2008 Atlético Sorocaba
20%
2001 Bandeirante
10%
1979 Inter de Bebedouro
7%
1980 Parque da Mooca
3%
Nenhum quiz correspondente encontrado
Distribuição das Pontuações
Porcentagem de Pessoas com Cada Pontuação
Percentil de Números Respondidos
Sua Pontuação Histórica
Você não jogou esse quiz